[Event "Wroclaw Anderssen Memorial op-A"]
[Site "Wroclaw"]
[Date "2023.08.06"]
[Round "2"]
[White "Zhuk, Ivan"]
[Black "Terkiewicz, Bruno"]
[Result "1-0"]
[WhiteElo "2019"]
[BlackElo "1874"]
[PlyCount "106"]
[EventDate "2023.08.06"]
[EventType "swiss"]
[EventRounds "9"]
[EventCountry "POL"]
[SourceTitle "CBM 215 Extra"]
[Source "ChessBase"]
[SourceDate "2023.09.30"]
[SourceVersion "1"]
[SourceVersionDate "2023.09.30"]
[SourceQuality "1"]

1. e4 c5 2. Nf3 Nc6 3. d4 cxd4 4. Nxd4 e5 5. Nb5 d6 6. N1c3 a6 7. Na3 Be6 8. g3 h5 9. Be3 Nf6 10. Bg2 Ng4 11. Qd2 Nxe3 12. Qxe3 Be7 13. 0-0-0 b5 14. Nd5 Bxd5 15. exd5 Na5 16. c3 Qc7 17. Kb1 Bf6 18. Be4 Ke7 19. h3 Nb7 20. g4 Nc5 21. g5 Nxe4 22. Qxe4 Bxg5 23. Rhg1 Bf6 24. f4 g6 25. fxe5 Bxe5 26. Rg5 Kf8 27. Rxe5 dxe5 28. d6 Qd8 29. Qxe5 f6 30. Qd5 Rh7 31. d7 Re7 32. Qxa8 Qxa8 33. d8Q+ Qxd8 34. Rxd8+ Kf7 35. Nc2 g5 36. Nd4 Re3 37. Rd7+ Ke8 38. Rh7 Rxh3 39. a4 g4 40. Nf5 g3 41. Rg7 h4 42. Rg4 Kf7 43. axb5 axb5 44. Nxh4 Ke6 45. Ng2 Kf5 46. Rb4 Rh2 47. Ne3+ Ke6 48. Re4+ Kf7 49. Rg4 b4 50. cxb4 Ke6 51. Rxg3 Rh4 52. b5 Rb4 53. Nc2 Kd5 1-0

[Event "Warsaw Najdorf Memorial op-A"]
[Site "Warsaw"]
[Date "2023.07.17"]
[Round "7"]
[White "Zhuk, Ivan"]
[Black "Orzechowski, Jacek"]
[Result "1/2-1/2"]
[WhiteElo "2017"]
[BlackElo "2105"]
[PlyCount "120"]
[EventDate "2023.07.11"]
[EventType "swiss"]
[EventRounds "9"]
[EventCountry "POL"]
[SourceTitle "EXT 2024"]
[Source "ChessBase"]
[SourceDate "2023.10.10"]
[SourceVersion "1"]
[SourceVersionDate "2023.10.10"]
[SourceQuality "1"]

1. e4 e6 2. d4 d5 3. Nc3 Bb4 4. e5 b6 5. a3 Bf8 6. Nf3 Ba6 7. Bd3 Qd7 8. 0-0 Bxd3 9. Qxd3 c5 10. b3 Ne7 11. Ne2 cxd4 12. Nexd4 Nbc6 13. Nb5 Ng6 14. Re1 a6 15. Nc3 Be7 16. Na4 Qc7 17. Be3 b5 18. Nb6 Rb8 19. c4 dxc4 20. bxc4 Rxb6 21. Bxb6 Qxb6 22. cxb5 axb5 23. a4 bxa4 24. Reb1 Nb4 25. Qe4 0-0 26. Rxa4 Rb8 27. h4 Qb5 28. Ra7 Bc5 29. Ra8 Rxa8 30. Qxa8+ Nf8 31. Qe4 Qa5 32. Kh2 h6 33. Qc4 Nd7 34. h5 Nb6 35. Qg4 N6d5 36. Qc4 Bxf2 37. Qc8+ Kh7 38. Qb7 Qa7 39. Rxb4 Nxb4 40. Qxb4 Bc5 41. Qe4+ Kg8 42. Qc6 Bf8 43. Qe4 Qc5 44. g4 Qb4 45. Qxb4 Bxb4 46. Kg3 Bc3 47. Kf4 Kf8 48. Ke4 Ke7 49. Kf4 Bb2 50. Ke4 Kd7 51. Nd2 Ba3 52. Nf3 Be7 53. Nd4 Kc7 54. Nf3 Kc6 55. Nd4+ Kc5 56. Nf3 Kc4 57. Nd4 Bd8 58. Nf3 Kc3 59. Nd4 Kc4 60. Nf3 Kc3 1/2-1/2

[Event "Warsaw Najdorf Memorial op-A"]
[Site "Warsaw"]
[Date "2023.07.16"]
[Round "6"]
[White "Praczukowski, Stanislaw"]
[Black "Zhuk, Ivan"]
[Result "1-0"]
[WhiteElo "2147"]
[BlackElo "2017"]
[PlyCount "73"]
[EventDate "2023.07.11"]
[EventType "swiss"]
[EventRounds "9"]
[EventCountry "POL"]
[SourceTitle "EXT 2024"]
[Source "ChessBase"]
[SourceDate "2023.10.10"]
[SourceVersion "1"]
[SourceVersionDate "2023.10.10"]
[SourceQuality "1"]

1. d4 Nf6 2. c4 g6 3. Nc3 d5 4. cxd5 Nxd5 5. e4 Nxc3 6. bxc3 Bg7 7. Nf3 c5 8. Bb5+ Nc6 9. 0-0 0-0 10. Bxc6 bxc6 11. Qc2 Qa5 12. a4 Bg4 13. Ne5 Bxe5 14. dxe5 Rfd8 15. f4 c4 16. h3 Bc8 17. Ba3 Rd3 18. Rac1 Kf8 19. Qf2 Qb6 20. Bc5 Qa5 21. f5 gxf5 22. exf5 Rd5 23. Bd4 c5 24. Be3 Qb6 25. Qh4 Ke8 26. Qxh7 Bb7 27. e6 fxe6 28. f6 Qd6 29. Rb1 Bc6 30. f7+ Kd7 31. f8Q Rxf8 32. Rxf8 Rd3 33. Qg8 Qc7 34. Bf4 Qa5 35. Rc8 e5 36. Qe8+ Ke6 37. Qg6+ 1-0

[Event "Warsaw Najdorf Memorial op-A"]
[Site "Warsaw"]
[Date "2023.07.12"]
[Round "2"]
[White "Ladan, Nicholas John"]
[Black "Zhuk, Ivan"]
[Result "1-0"]
[WhiteElo "2260"]
[BlackElo "2017"]
[PlyCount "153"]
[EventDate "2023.07.11"]
[EventType "swiss"]
[EventRounds "9"]
[EventCountry "POL"]
[SourceTitle "EXT 2024"]
[Source "ChessBase"]
[SourceDate "2023.10.10"]
[SourceVersion "1"]
[SourceVersionDate "2023.10.10"]
[SourceQuality "1"]

1. d4 Nf6 2. c4 g6 3. Nf3 Bg7 4. g3 c6 5. Bg2 d5 6. cxd5 cxd5 7. 0-0 0-0 8. Ne5 Nc6 9. Nc3 Bf5 10. Nxc6 bxc6 11. Bf4 Qb6 12. Qd2 Ne4 13. Nxe4 Bxe4 14. Rfd1 Rac8 15. Bh3 Rce8 16. Rac1 e5 17. dxe5 Bxe5 18. Bxe5 Rxe5 19. Qd4 Qxd4 20. Rxd4 Rb8 21. b4 Rb6 22. a4 a5 23. bxa5 Ra6 24. Rc5 Re7 25. f3 Bb1 26. Rb4 Ba2 27. Bc8 Raa7 28. Kf2 Rec7 29. Bh3 Ra8 30. Rb6 Rca7 31. Rbxc6 Rxa5 32. Rc8+ Rxc8 33. Rxc8+ Kg7 34. Bd7 Bc4 35. Rb8 Kf6 36. Ke3 Ra7 37. Bb5 Bb3 38. Rb6+ Ke7 39. Bc6 Bxa4 40. Bxd5 Bd7 41. Kf4 f6 42. g4 g5+ 43. Kg3 Ra1 44. Rb7 Kd6 45. Be4 h6 46. Rb8 Rg1+ 47. Kf2 Rh1 48. Kg2 Re1 49. Bd3 Ke5 50. Rh8 Bc6 51. Rxh6 Rd1 52. Kf2 Rh1 53. Ke3 Bd5 54. Rh5 Bf7 55. Rh8 Bd5 56. Re8+ Kd6 57. Kd4 Bf7 58. Rh8 Bb3 59. Rh7 Be6 60. Rh6 Ke7 61. Ke3 Bd5 62. Kf2 Ke6 63. Kg2 Rd1 64. h4 Ke5 65. hxg5 fxg5 66. Rg6 Kf4 67. Kf2 Bxf3 68. Rf6+ Kxg4 69. Rxf3 Kh4 70. Rf8 g4 71. Rh8+ Kg5 72. Rg8+ Kh4 73. Bf5 Rd5 74. Bxg4 Rd6 75. Bf3 Rd2 76. Rg4+ Kh3 77. Rf4 1-0

[Event "Warsaw Maciei Memorial"]
[Site "Warsaw"]
[Date "2023.07.10"]
[Round "7"]
[White "Kudlak, Julia"]
[Black "Zhuk, Ivan"]
[Result "1-0"]
[WhiteElo "1899"]
[BlackElo "2017"]
[PlyCount "107"]
[EventDate "2023.07.10"]
[EventType "swiss (blitz)"]
[EventRounds "11"]
[EventCountry "POL"]
[SourceTitle "CBM 215 Extra"]
[Source "ChessBase"]
[SourceDate "2023.09.30"]
[SourceVersion "1"]
[SourceVersionDate "2023.09.30"]
[SourceQuality "1"]

1. e4 e6 2. d4 d5 3. Nd2 c5 4. c3 Nc6 5. exd5 exd5 6. Bb5 Nf6 7. Ne2 Bd6 8. dxc5 Bxc5 9. 0-0 0-0 10. Nf3 Bg4 11. Bxc6 bxc6 12. Ned4 Qd6 13. Qd3 Ne4 14. g3 Bb6 15. Bf4 Qf6 16. Be5 Qg6 17. Bf4 Nxf2 18. Qxg6 Nh3+ 19. Kg2 Nxf4+ 20. gxf4 hxg6 21. Ne5 Bxd4 22. Nxg4 Bf6 23. f5 g5 24. Nxf6+ gxf6 25. b3 Rfe8 26. Rae1 Kf8 27. Kf3 Rxe1 28. Rxe1 Re8 29. Rxe8+ Kxe8 30. Ke3 Kd7 31. Kd4 Kd6 32. b4 a6 33. a4 Kd7 34. Kc5 Kc7 35. h3 Kd7 36. Kb6 Kd6 37. Kxa6 Ke5 38. Kb6 Kxf5 39. a5 Ke4 40. a6 f5 41. a7 f4 42. a8Q f3 43. Qa1 f2 44. Qf1 Kf3 45. Kxc6 f5 46. Kxd5 g4 47. hxg4 fxg4 48. Kd4 g3 49. Kd3 g2 50. Qe2+ Kg3 51. Qe3+ Kh2 52. Qxf2 Kh1 53. Qxg2+ Kxg2 54. b5 1-0

[Event "EU-ch Blitz"]
[Site "Katowice"]
[Date "2022.12.16"]
[Round "3"]
[White "Kirk, Ezra"]
[Black "Zhuk, Ivan"]
[Result "0-1"]
[WhiteElo "2432"]
[BlackElo "2035"]
[PlyCount "82"]
[EventDate "2022.12.16"]
[EventType "swiss (blitz)"]
[EventRounds "22"]
[EventCountry "POL"]
[SourceTitle "CBM 211 Extra"]
[Source "ChessBase"]
[SourceDate "2023.01.31"]
[SourceVersion "1"]
[SourceVersionDate "2023.01.31"]
[SourceQuality "1"]

1. d4 Nf6 2. c4 g6 3. Nf3 Bg7 4. Nc3 0-0 5. e4 d6 6. Be2 Bg4 7. Be3 Nbd7 8. Ng1 Bxe2 9. Ngxe2 e5 10. f3 Nb6 11. b3 exd4 12. Nxd4 Nfd7 13. 0-0 Nc5 14. Qd2 Ne6 15. Rad1 Qe7 16. Rfe1 h5 17. Kh1 h4 18. Nd5 Nxd5 19. exd5 Nxd4 20. Bxd4 Qd7 21. Bxg7 Kxg7 22. Qd4+ f6 23. Qxh4 Rae8 24. Qf4 Re5 25. Re4 Rxe4 26. fxe4 Re8 27. Rf1 Qe7 28. h3 Qe5 29. Qxe5 Rxe5 30. Rf4 g5 31. Rg4 Kg6 32. Kh2 a5 33. Kg3 f5 34. exf5+ Kxf5 35. h4 Re3+ 36. Kf2 Kxg4 37. Kxe3 gxh4 38. Kf2 Kf4 39. a3 b6 40. b4 a4 41. Ke2 Kg3 0-1

[Event "Minsk op"]
[Site "Minsk"]
[Date "2022.08.10"]
[Round "8"]
[White "Romanovskij, Nikita"]
[Black "Zhuk, Ivan"]
[Result "1-0"]
[WhiteElo "1869"]
[BlackElo "2091"]
[PlyCount "93"]
[EventDate "2022.08.03"]
[EventType "swiss"]
[EventRounds "9"]
[EventCountry "BLR"]
[SourceTitle "CBM 209 Extra"]
[Source "ChessBase"]
[SourceDate "2022.09.30"]
[SourceVersion "1"]
[SourceVersionDate "2022.09.30"]
[SourceQuality "1"]

1. d4 g6 2. e4 Bg7 3. Nf3 d6 4. Nc3 Nf6 5. Be3 c6 6. Qd2 b5 7. Bd3 Nbd7 8. a4 b4 9. Ne2 c5 10. c3 bxc3 11. bxc3 Bb7 12. e5 dxe5 13. dxe5 Ng4 14. e6 fxe6 15. Ng5 Bd5 16. c4 Bxg2 17. 0-0-0 Nde5 18. Rhg1 Qb6 19. Nc3 0-0-0 20. Qc2 Nxd3+ 21. Rxd3 Ne5 22. Rxd8+ Rxd8 23. Nb5 Nd3+ 24. Kb1 a6 25. Rxg2 axb5 26. cxb5 Ne1 27. Bxc5 Nxc2 28. Bxb6 Rd2 29. Kc1 Rd6 30. Kxc2 Rxb6 31. Nxh7 e5 32. Ng5 Bh6 33. Ne4 Bf4 34. Kb3 Kc7 35. Kc4 g5 36. f3 Rh6 37. a5 Rh3 38. Nxg5 Rh4 39. Ne4 Rh3 40. Kd5 Rxf3 41. b6+ Kd7 42. Nc5+ Ke8 43. b7 e4 44. Kxe4 Rf1 45. Rg1 Rxg1 46. Kxf4 Rb1 47. a6 1-0

[Event "Minsk Bronstein Memorial op"]
[Site "Minsk"]
[Date "2017.02.18"]
[Round "2"]
[White "Zhuk, Ivan"]
[Black "Zhigalko, Sergei"]
[Result "0-1"]
[WhiteElo "2105"]
[BlackElo "2652"]
[PlyCount "50"]
[EventDate "2017.02.18"]
[EventType "swiss (rapid)"]
[EventRounds "10"]
[EventCountry "BLR"]
[SourceTitle "EXT 2018"]
[Source "ChessBase"]
[SourceDate "2017.10.13"]
[SourceVersion "1"]
[SourceVersionDate "2017.10.13"]
[SourceQuality "1"]

1. e4 c5 2. Nf3 d6 3. d4 cxd4 4. Nxd4 Nf6 5. Nc3 a6 6. f3 e6 7. Be3 b5 8. Qd2 Nbd7 9. 0-0-0 Bb7 10. g4 Nb6 11. Qf2 Nfd7 12. Nb3 Rc8 13. Kb1 Rxc3 14. bxc3 Na4 15. Qe1 Qc7 16. Bd2 Be7 17. g5 Ne5 18. Be2 0-0 19. h4 Rc8 20. Rh2 Nc4 21. Bd3 d5 22. Rg2 Nxd2+ 23. Rdxd2 Ba3 24. Rdf2 Nxc3+ 25. Ka1 dxe4 0-1

[Event "Rewal op-B 18th"]
[Site "Rewal"]
[Date "2013.08.22"]
[Round "3"]
[White "Zhuk, Ivan"]
[Black "Najdzionek, Boleslaw"]
[Result "0-1"]
[WhiteElo "1746"]
[BlackElo "1911"]
[PlyCount "74"]
[EventDate "2013.08.20"]
[EventType "swiss"]
[EventRounds "9"]
[EventCountry "POL"]
[SourceTitle "CBM 156 Extra"]
[Source "ChessBase"]
[SourceDate "2013.10.22"]
[SourceVersion "1"]
[SourceVersionDate "2013.10.22"]
[SourceQuality "1"]

1. d4 d5 2. c4 c6 3. Nc3 Nf6 4. Nf3 Nbd7 5. cxd5 cxd5 6. Bf4 e6 7. e3 a6 8. a4 Bb4 9. Bd3 Qa5 10. 0-0 0-0 11. Qc2 g6 12. Na2 Ne8 13. Nxb4 Qxb4 14. Ra3 Kg7 15. Rc3 Nef6 16. Rc7 Nh5 17. Be5+ Kg8 18. Ng5 Qe7 19. f4 Ng7 20. Rf3 f5 21. Rh3 h5 22. Be2 Qe8 23. g4 Nxe5 24. dxe5 fxg4 25. Bxg4 d4 26. Bxh5 Nf5 27. Be2 Bd7 28. Rh7 Rc8 29. Rhxd7 Qxd7 30. Nxe6 Rxc7 31. Nxc7 Rc8 32. Bc4+ Kh8 33. b3 Rxc7 34. Qe4 dxe3 35. e6 Qg7 36. Qd5 Qd4 37. e7 Rc8 0-1

[Event "Rewal op-B 16th"]
[Site "Rewal"]
[Date "2011.08.27"]
[Round "8"]
[White "Zhuk, Ivan"]
[Black "Szczecina, Kamil"]
[Result "0-1"]
[WhiteElo "1584"]
[BlackElo "1779"]
[PlyCount "116"]
[EventDate "2011.08.18"]
[EventType "swiss"]
[EventRounds "9"]
[EventCountry "POL"]
[SourceTitle "CBM 144 Extra"]
[Source "ChessBase"]
[SourceDate "2011.10.28"]
[SourceVersion "1"]
[SourceVersionDate "2011.10.28"]
[SourceQuality "1"]

1. e4 c5 2. Nf3 e6 3. d4 cxd4 4. Nxd4 a6 5. g3 Qc7 6. Bg2 Nf6 7. 0-0 Be7 8. Nc3 0-0 9. Re1 d6 10. g4 Nc6 11. Be3 Nxd4 12. Bxd4 Bd7 13. h3 Bc6 14. Qd2 b5 15. a3 Rac8 16. g5 Nd7 17. h4 Nb6 18. b3 e5 19. Be3 Bb7 20. Na2 Nd7 21. Nb4 Nc5 22. Nd5 Bxd5 23. Qxd5 Qc6 24. Rad1 Qxd5 25. exd5 f5 26. f4 e4 27. Bd4 Bd8 28. Kf2 Bb6 29. Be3 Nd7 30. Rd2 Rc3 31. Bxb6 Nxb6 32. h5 Rfc8 33. Ree2 R8c5 34. g6 hxg6 35. hxg6 Kf8 36. Ke1 Rxd5 37. Kd1 Rxd2+ 38. Rxd2 Ke7 39. Bf1 Rf3 40. Ke1 Rxf4 41. Be2 d5 42. Rd4 Kd6 43. a4 Kc5 44. c3 bxa4 45. b4+ Kc6 46. Bxa6 Rg4 47. Be2 Rxg6 48. Kf2 Rh6 49. Kg3 g5 50. Rd1 Nc4 51. Bxc4 dxc4 52. Rd4 a3 53. Rxc4+ Kb7 54. Rc5 a2 55. Ra5 Ra6 56. Rb5+ Ka7 57. Rxf5 a1Q 58. Rxg5 Qxc3+ 0-1

[Event "Rewal op-B 16th"]
[Site "Rewal"]
[Date "2011.08.23"]
[Round "4"]
[White "Zhuk, Ivan"]
[Black "Koziol, Kamil"]
[Result "1/2-1/2"]
[WhiteElo "1584"]
[BlackElo "1773"]
[PlyCount "101"]
[EventDate "2011.08.18"]
[EventType "swiss"]
[EventRounds "9"]
[EventCountry "POL"]
[SourceTitle "CBM 144 Extra"]
[Source "ChessBase"]
[SourceDate "2011.10.28"]
[SourceVersion "1"]
[SourceVersionDate "2011.10.28"]
[SourceQuality "1"]

1. e4 e5 2. d4 exd4 3. Qxd4 Nc6 4. Qe3 Bb4+ 5. Bd2 Bxd2+ 6. Qxd2 Nf6 7. Nc3 0-0 8. 0-0-0 d6 9. f4 Bd7 10. Bd3 a6 11. h3 b5 12. Nf3 b4 13. Nd5 Nxd5 14. exd5 Ne7 15. Qxb4 Bf5 16. Bxf5 Nxf5 17. Nd4 Nxd4 18. Qxd4 Qd7 19. g4 Rfb8 20. Rd3 a5 21. f5 Rb4 22. Qc3 Rab8 23. b3 R8b6 24. Re1 c5 25. f6 c4 26. Rde3 Rb8 27. Re7 Qd8 28. Qe3 gxf6 29. Qa7 Qf8 30. Qxa5 cxb3 31. axb3 Qh6+ 32. Kb2 Qd2 33. Re8+ Kg7 34. Rxb8 Rxb3+ 35. Rxb3 Qxa5 36. Rd1 f5 37. gxf5 Kf6 38. Rbd3 Kxf5 39. Rf1+ Kg6 40. Rg3+ Kh6 41. Rf6+ Kh5 42. Rxf7 Qb4+ 43. Rb3 Qd4+ 44. Ka2 Kg6 45. Rff3 Qxd5 46. Rg3+ Kh6 47. Kb2 Qe5+ 48. Kc1 Qe1+ 49. Kb2 Qe5+ 50. Kc1 Qf4+ 51. Kb2 1/2-1/2

[Event "Rewal op-B 16th"]
[Site "Rewal"]
[Date "2011.08.19"]
[Round "1"]
[White "Kuspak, Aleksander"]
[Black "Zhuk, Ivan"]
[Result "1-0"]
[WhiteElo "1862"]
[BlackElo "1584"]
[PlyCount "67"]
[EventDate "2011.08.18"]
[EventType "swiss"]
[EventRounds "9"]
[EventCountry "POL"]
[SourceTitle "CBM 144 Extra"]
[Source "ChessBase"]
[SourceDate "2011.10.28"]
[SourceVersion "1"]
[SourceVersionDate "2011.10.28"]
[SourceQuality "1"]

1. e4 e6 2. d4 d5 3. Nc3 Bb4 4. e5 c5 5. a3 Bxc3+ 6. bxc3 Ne7 7. Bd3 Qc7 8. Nf3 c4 9. Be2 Nbc6 10. a4 Bd7 11. Qd2 Ng6 12. h4 Qa5 13. 0-0 b5 14. Ba3 bxa4 15. Rfb1 Nge7 16. Rb7 Nd8 17. Bxe7 Nxb7 18. Qg5 Rg8 19. Ba3 Qd8 20. Qh5 Bc6 21. Ng5 Kd7 22. Qxf7+ Kc8 23. Nxe6 Be8 24. Qxg8 Qd7 25. Nxg7 Kc7 26. Bg4 Qc6 27. Nxe8+ Rxe8 28. Qf7+ Kd8 29. Rb1 Qc7 30. Rxb7 Qxf7 31. Rxf7 h5 32. Rd7+ Kc8 33. Re7+ hxg4 34. Rxe8+ 1-0